A NEW approach to English pedagogical grammar the order of meanings
Gespeichert in:
| Format: | Buch |
|---|---|
| Sprache: | Englisch |
| Veröffentlicht: |
Routledge
2018
|
| Tags: |
Tag hinzufügen
Keine Tags, Fügen Sie den ersten Tag hinzu!
|
MARC
| LEADER | 00000nam a22000007a 4500 | ||
|---|---|---|---|
| 008 | 210910b ||||| |||| 00| 0 eng d | ||
| 020 | |a 9780367272715 | ||
| 245 | |a A NEW approach to English pedagogical grammar |b the order of meanings |c edited by Akira Tajine |g xiv, 244p; ill | ||
| 250 | |c Tajine, Akira | ||
| 260 | |b Routledge |c 2018 |h London |i 696092 |l 696093 |m English language -Study and teaching -Foreign societies |m English language - Grammar - Study and teaching | ||
| 500 | |a it includes references and index | ||
| 942 | |a lcc |c BK |e Johnson |f 10/02/21 | ||
| 952 | |0 0 |1 0 |2 lcc |4 0 |6 PE1128 A2 N42 |7 0 |9 3531 |a ART |b HOL |c LP |d 2021-09-10 |l 0 |o PE1128.A2N42 |p 2021-67260 |r 2021-09-10 00:00:00 |w 2021-09-10 |y BK | ||
| 952 | |0 0 |1 0 |2 lcc |4 0 |6 PE1128 A2 N42 |7 0 |9 3532 |a HOL |b HOL |c LP |d 2021-09-10 |l 0 |o PE1128.A2N42 |p 2021-67261 |r 2021-09-10 00:00:00 |w 2021-09-10 |y BK | ||
| 952 | |0 0 |1 0 |2 lcc |4 0 |6 PE1128 A2 N42 |7 0 |9 3533 |a HOL |b HOL |c LP |d 2021-09-10 |l 0 |o PE1128.A2N42 |p 2021-67262 |r 2021-09-10 00:00:00 |w 2021-09-10 |y BK | ||
| 999 | |c 1750 |d 1750 | ||